[Event "ENCI Limburg-open A"]
[Site "Maastricht"]
[Date "2008.05.10"]
[Round "2"]
[White "Admiraal, Miguoel"]
[Black "Goudriaan, Etienne"]
[Result "0-1"]
[WhiteElo "1908"]
[BlackElo "2117"]
[PlyCount "75"]
[EventDate "2008.05.09"]
[EventType "swiss"]
[EventRounds "7"]
[EventCountry "NED"]
[Source "P.Boonen"]
[SourceDate "2010.01.01"]

1. e4 c5 2. Nf3 d6 3. d4 cxd4 4. Nxd4 Nf6 5. Nc3 a6 6. Be2 e5 7. Nb3 Be7 8. a4
O-O 9. O-O Be6 10. Be3 Nbd7 11. a5 Rc8 12. Qd2 Bc4 13. Bxc4 Rxc4 14. Qd3 Qc7
15. Rfd1 Rc8 16. f3 h5 17. h3 d5 18. exd5 e4 19. fxe4 Ne5 20. Qe2 Nxe4 21. Bd4
Nxc3 22. bxc3 Ng6 23. Nd2 Rxc3 24. Bxc3 Qxc3 25. Ne4 Qe5 26. d6 Bxd6 27. Qf3
Qh2+ 28. Kf1 Rxc2 29. Nf2 Bc5 30. Rd8+ Nf8 31. Re1 Rxf2+ 32. Qxf2 Bxf2 33. Kxf2
Qf4+ 34. Kg1 Qb4 35. Ree8 g6 36. Kf2 Kg7 37. g3 Qxa5 38. Rxf8 0-1

[Event "ENCI Limburg-open A"]
[Site "Maastricht"]
[Date "2008.05.10"]
[Round "2"]
[White "Akstinat, Sven Holger"]
[Black "Boulahfa, Hicham"]
[Result "1-0"]
[WhiteElo "2179"]
[BlackElo "2000"]
[PlyCount "51"]
[EventDate "2008.05.09"]
[EventType "swiss"]
[EventRounds "7"]
[EventCountry "NED"]
[Source "P.Boonen"]
[SourceDate "2010.01.01"]

1. e4 c5 2. c3 Nf6 3. e5 Nd5 4. d4 cxd4 5. Nf3 Nc6 6. Bc4 Nb6 7. Bb3 d6 8. exd6
Qxd6 9. O-O g6 10. Ng5 e6 11. Ne4 Qd8 12. Bg5 Be7 13. Bh6 Bf8 14. Bg5 Be7 15.
Bh6 Bf8 16. Qc1 f5 17. Bxf8 Rxf8 18. Ng5 Nd5 19. Re1 Qd6 20. Na3 Nce7 21. Nb5
Qb8 22. cxd4 Bd7 23. Nxe6 Bxb5 24. Bxd5 Nxd5 25. Qc5 Kf7 26. Qxb5 1-0

[Event "ENCI Limburg-open A"]
[Site "Maastricht"]
[Date "2008.05.10"]
[Round "2"]
[White "Andriulevicius, Orestas"]
[Black "Dalemans, Diana"]
[Result "1/2-1/2"]
[WhiteElo "1903"]
[BlackElo "1799"]
[PlyCount "73"]
[EventDate "2008.05.09"]
[EventType "swiss"]
[EventRounds "7"]
[EventCountry "NED"]
[Source "P.Boonen"]
[SourceDate "2010.01.01"]

1. e4 c5 2. Nf3 Nc6 3. d4 cxd4 4. Nxd4 Nf6 5. Nc3 e5 6. Ndb5 d6 7. Bg5 a6 8.
Na3 b5 9. Bxf6 gxf6 10. Nd5 Bg7 11. Bd3 Be6 12. c3 O-O 13. O-O Ne7 14. Nxe7+
Qxe7 15. Nc2 Kh8 16. f4 exf4 17. Rxf4 Bh6 18. Rf1 Rg8 19. Qh5 Qf8 20. e5 Bd5
21. g3 Rg5 22. Qh4 dxe5 23. Rxf6 Qc5+ 24. Kf1 e4 25. Qxh6 exd3 26. b4 Bg2+ 27.
Kxg2 Qd5+ 28. Kg1 dxc2 29. Rd6 Qe5 30. Qf6+ Kg8 31. Rd8+ Rxd8 32. Qxd8+ Kg7 33.
Qd3 Qe6 34. Qxc2 Qe3+ 35. Kg2 Rd5 36. Rd1 Rxd1 37. Qxd1 1/2-1/2

[Event "ENCI Limburg-open A"]
[Site "Maastricht"]
[Date "2008.05.10"]
[Round "2"]
[White "Beeke, Bobby"]
[Black "Klein, Gernot"]
[Result "1-0"]
[WhiteElo "2188"]
[BlackElo "2024"]
[PlyCount "97"]
[EventDate "2008.05.09"]
[EventType "swiss"]
[EventRounds "7"]
[EventCountry "NED"]
[Source "P.Boonen"]
[SourceDate "2010.01.01"]

1. d4 d5 2. c4 e6 3. Nc3 c6 4. e3 Bd6 5. Nf3 f5 6. Bd3 Nf6 7. O-O O-O 8. Qe2
Ne4 9. Ne5 Nd7 10. f4 Nxe5 11. dxe5 Nxc3 12. bxc3 Bc5 13. cxd5 cxd5 14. c4 b6
15. cxd5 Qxd5 16. Rd1 Qb7 17. a4 Qe7 18. Bb5 Rd8 19. Rxd8+ Qxd8 20. Ba3 Bxa3
21. Rxa3 Bb7 22. Rd3 Bd5 23. Bc6 Rc8 24. Bxd5 exd5 25. h3 Qd7 26. Rd4 g6 27. e4
fxe4 28. Qxe4 dxe4 29. Rxd7 e3 30. Kf1 Rc4 31. g3 Rxa4 32. Ke2 Ra3 33. g4 b5
34. Rb7 a5 35. Rxb5 a4 36. f5 Rb3 37. Ra5 a3 38. Ra8+ Kf7 39. Ra7+ Kg8 40. e6
gxf5 41. gxf5 Rb2+ 42. Kxe3 a2 43. f6 h5 44. Ra8+ Kh7 45. e7 Rb8 46. Rxb8 a1=Q
47. Rh8+ Kxh8 48. e8=Q+ Kh7 49. Qf7+ 1-0

[Event "ENCI Limburg-open A"]
[Site "Maastricht"]
[Date "2008.05.10"]
[Round "2"]
[White "Berg, Emanuel"]
[Black "Burg, Twan"]
[Result "1-0"]
[WhiteElo "2601"]
[BlackElo "2342"]
[PlyCount "85"]
[EventDate "2008.05.09"]
[EventType "swiss"]
[EventRounds "7"]
[EventCountry "NED"]
[Source "P.Boonen"]
[SourceDate "2010.01.01"]

1. e4 c5 2. Nf3 d6 3. d4 cxd4 4. Nxd4 Nf6 5. Nc3 a6 6. Bc4 e6 7. Bb3 b5 8. O-O
Be7 9. Qf3 Qb6 10. Bg5 Bb7 11. Rad1 Qc5 12. Bxf6 Bxf6 13. Bxe6 fxe6 14. Nxe6
Qe5 15. Nc7+ Kf7 16. Nxa8 Bxa8 17. Nd5 Nd7 18. Rfe1 Re8 19. Nc7 Rc8 20. Nxa8
Rxa8 21. Rd5 Qxb2 22. Rxd6 Ne5 23. Qf5 Qxc2 24. Qxh7 Qc3 25. Red1 Re8 26. h3
Ng6 27. Rd7+ Re7 28. Rd8 Nf8 29. Qh8 Ne6 30. Qh5+ g6 31. Qh7+ Bg7 32. Qg8+ Kf6
33. R8d3 Qc4 34. Rf3+ Ke5 35. Rd5+ Kxe4 36. Rd1 b4 37. Qh7 Nd4 38. Qh4+ Kd5 39.
Qxe7 Be5 40. Rfd3 Qc6 41. Qd8+ Kc4 42. Rxd4+ Kc3 43. Rc1+ 1-0

[Event "ENCI Limburg-open A"]
[Site "Maastricht"]
[Date "2008.05.10"]
[Round "2"]
[White "Beukema, Stefan"]
[Black "Geuss, Paul"]
[Result "0-1"]
[WhiteElo "1962"]
[BlackElo "2171"]
[PlyCount "68"]
[EventDate "2008.05.09"]
[EventType "swiss"]
[EventRounds "7"]
[EventCountry "NED"]
[Source "P.Boonen"]
[SourceDate "2010.01.01"]

1. e4 e5 2. Nf3 Nc6 3. d4 exd4 4. Nxd4 Nf6 5. Nxc6 bxc6 6. e5 Qe7 7. Qe2 Nd5 8.
c4 Ba6 9. b3 O-O-O 10. Bb2 f6 11. Qe4 Nb6 12. c5 Bxf1 13. cxb6 Ba6 14. bxa7 Kb7
15. Nd2 fxe5 16. O-O-O d5 17. Qxe5 Qxe5 18. Bxe5 Bd6 19. Nf3 Be2 20. Rde1 Bxf3
21. gxf3 Bxe5 22. Rxe5 Rd7 23. Rhe1 Kxa7 24. f4 Rf8 25. f5 Rdf7 26. Re7 Rxf5
27. Rxc7+ Kb6 28. Rxg7 Rxf2 29. Rxh7 Rxa2 30. Kb1 Rff2 31. Ree7 Kc5 32. Re3
Rab2+ 33. Kc1 Rfe2 34. Rc3+ Kb5 0-1

[Event "ENCI Limburg-open A"]
[Site "Maastricht"]
[Date "2008.05.10"]
[Round "2"]
[White "Braun, Christian1"]
[Black "Epishin, Vladimir"]
[Result "0-1"]
[WhiteElo "2322"]
[BlackElo "2566"]
[PlyCount "114"]
[EventDate "2008.05.09"]
[EventType "swiss"]
[EventRounds "7"]
[EventCountry "NED"]
[Source "P.Boonen"]
[SourceDate "2010.01.01"]

1. e4 c5 2. Nf3 a6 3. g3 Nc6 4. Bg2 g6 5. O-O Bg7 6. d3 d6 7. c3 e5 8. a4 Nge7
9. Nbd2 O-O 10. Nc4 h6 11. Ne3 Be6 12. Nd2 f5 13. Nd5 f4 14. Nc4 g5 15. Ncb6
Rb8 16. Nxe7+ Nxe7 17. Nd5 Rf7 18. g4 Qd7 19. h3 h5 20. Nxe7+ Rxe7 21. f3 d5
22. Qe2 Rd8 23. Re1 dxe4 24. dxe4 hxg4 25. hxg4 Bf8 26. b3 Bxb3 27. Ba3 Qe6 28.
Bf1 Red7 29. Qh2 c4 30. Bxf8 Qb6+ 31. Qf2 Qxf2+ 32. Kxf2 Kxf8 33. Be2 Rh7 34.
Rh1 Rxh1 35. Rxh1 Kg7 36. a5 Rh8 37. Rb1 Rh2+ 38. Ke1 Rh1+ 39. Bf1 Rh8 40. Rb2
Rd8 41. Be2 Kf6 42. Kf2 Ke7 43. Rb1 Rh8 44. Rb2 Rh2+ 45. Kg1 Rh6 46. Kf2 Kd7
47. Kg1 Kc7 48. Bf1 b6 49. axb6+ Rxb6 50. Rh2 a5 51. Rh7+ Kb8 52. Rh8+ Ka7 53.
Rc8 a4 54. Bxc4 Kb7 55. Rc5 Bxc4 56. Rxc4 a3 57. Ra4 Ra6 0-1

[Event "ENCI Limburg-open A"]
[Site "Maastricht"]
[Date "2008.05.10"]
[Round "2"]
[White "Broekmeulen, Joris"]
[Black "Dahmen, Christoph"]
[Result "0-1"]
[WhiteElo "1862"]
[BlackElo "2077"]
[PlyCount "78"]
[EventDate "2008.05.09"]
[EventType "swiss"]
[EventRounds "7"]
[EventCountry "NED"]
[Source "P.Boonen"]
[SourceDate "2010.01.01"]

1. e4 c5 2. Nf3 Nc6 3. d4 cxd4 4. Nxd4 g6 5. c4 Bg7 6. Be3 Nf6 7. Nc3 O-O 8.
Nxc6 dxc6 9. f3 Qa5 10. Qa4 Qh5 11. Qc2 Be6 12. Bd3 Nd7 13. O-O Ne5 14. Ne2
Nxd3 15. Qxd3 Rfd8 16. Qc2 Qe5 17. Rab1 f5 18. b3 fxe4 19. fxe4 Bg4 20. Ng3 h5
21. Rfe1 h4 22. Nf1 Rf8 23. h3 Be6 24. Rbd1 g5 25. Bd4 Qf4 26. Be3 Qf6 27. e5
Qf5 28. Qxf5 Rxf5 29. Bc5 Kf7 30. Bd4 Rd8 31. Bxa7 Ra8 32. Bd4 Rxa2 33. Ra1
Rxa1 34. Bxa1 b5 35. cxb5 cxb5 36. Nd2 Bd5 37. e6+ Kg6 38. Bxg7 Kxg7 39. Re3
Kf6 0-1

[Event "ENCI Limburg-open A"]
[Site "Maastricht"]
[Date "2008.05.10"]
[Round "2"]
[White "Bruls, Peter"]
[Black "De Freytas, Paul"]
[Result "1/2-1/2"]
[WhiteElo "1801"]
[BlackElo "1929"]
[PlyCount "29"]
[EventDate "2008.05.09"]
[EventType "swiss"]
[EventRounds "7"]
[EventCountry "NED"]
[Source "P.Boonen"]
[SourceDate "2010.01.01"]

1. c4 g6 2. g3 Bg7 3. Bg2 e5 4. Nc3 d6 5. e4 Nc6 6. Nge2 Nge7 7. O-O O-O 8. d3
f5 9. Be3 Nd4 10. Qd2 fxe4 11. dxe4 Nf3+ 12. Bxf3 Rxf3 13. Kg2 Rf7 14. Nd5 Nxd5
15. cxd5 1/2-1/2

[Event "ENCI Limburg-open A"]
[Site "Maastricht"]
[Date "2008.05.10"]
[Round "2"]
[White "Burg, Brent"]
[Black "Picard, Romain"]
[Result "0-1"]
[WhiteElo "2042"]
[BlackElo "2368"]
[PlyCount "103"]
[EventDate "2008.05.09"]
[EventType "swiss"]
[EventRounds "7"]
[EventCountry "NED"]
[Source "P.Boonen"]
[SourceDate "2010.01.01"]

1. e4 e5 2. Nf3 d6 3. d4 exd4 4. Nxd4 Nf6 5. Nc3 Be7 6. Bf4 O-O 7. Qd2 c6 8.
O-O-O b5 9. f3 b4 10. Nce2 c5 11. Nf5 Bxf5 12. exf5 d5 13. Bg5 d4 14. Bxf6 Bxf6
15. Ng3 Nd7 16. Ne4 Re8 17. Kb1 Rb8 18. g4 h6 19. Bg2 Rxe4 20. fxe4 Ne5 21. Qf4
Nc4 22. h4 Be5 23. Qf3 Qc7 24. Rd3 Na3+ 25. bxa3 c4 26. a4 cxd3 27. Qxd3 Qa5
28. Qb3 Rc8 29. Rh3 Qa6 30. Rd3 Qf6 31. Qd5 Rd8 32. Qc5 a6 33. Bf3 Bf4 34. Bd1
Be5 35. Rh3 Bd6 36. Qc4 Bf4 37. Be2 a5 38. Qa6 Qe5 39. Bd3 Be3 40. Qb5 Qc7 41.
e5 Rb8 42. Qd5 Qe7 43. e6 b3 44. exf7+ Kf8 45. axb3 Qa3 46. Rh1 Bd2 47. Qxd4
Qe7 48. Bc4 Rd8 49. Qb6 Bc3 50. g5 Rd6 51. Qb8+ Rd8 52. Qf4 0-1

[Event "ENCI Limburg-open A"]
[Site "Maastricht"]
[Date "2008.05.10"]
[Round "2"]
[White "Clijsen, Mark"]
[Black "Lemmen, Raoul"]
[Result "0-1"]
[WhiteElo "2122"]
[BlackElo "1877"]
[PlyCount "38"]
[EventDate "2008.05.09"]
[EventType "swiss"]
[EventRounds "7"]
[EventCountry "NED"]
[Source "P.Boonen"]
[SourceDate "2010.01.01"]

1. d4 d5 2. c4 c6 3. Nc3 Nf6 4. Nf3 e6 5. Bg5 Bb4 6. Qb3 Ba5 7. Qa3 dxc4 8.
O-O-O Na6 9. Ne4 Bb4 10. Qe3 Be7 11. Nxf6+ gxf6 12. Bh6 Qa5 13. a3 b5 14. Qe4
Bd7 15. Bd2 b4 16. e3 c3 17. bxc3 bxc3 18. Be1 Qxa3+ 19. Kc2 Nb4+ 0-1

[Event "ENCI Limburg-open A"]
[Site "Maastricht"]
[Date "2008.05.10"]
[Round "2"]
[White "Dambacher, Martijn"]
[Black "Floor, Dirk"]
[Result "1-0"]
[WhiteElo "2470"]
[BlackElo "2221"]
[PlyCount "67"]
[EventDate "2008.05.09"]
[EventType "swiss"]
[EventRounds "7"]
[EventCountry "NED"]
[Source "P.Boonen"]
[SourceDate "2010.01.01"]

1. d4 f5 2. c4 Nf6 3. Nc3 g6 4. f3 c5 5. dxc5 Bg7 6. Nh3 Na6 7. Be3 Qc7 8. Na4
O-O 9. Nf4 Nb4 10. Qd2 Qe5 11. Bf2 Nc6 12. e3 g5 13. Nd5 d6 14. Be2 Nxd5 15.
cxd5 Nd8 16. cxd6 exd6 17. O-O f4 18. Rfe1 Nf7 19. Rac1 Bd7 20. Nc3 Qf6 21.
exf4 gxf4 22. Bb5 Bc8 23. Bd3 Ne5 24. Nb5 Qg5 25. Be4 Rf6 26. Kh1 Bf5 27. Nc7
Rg6 28. Bd4 Bxe4 29. Rxe4 Rc8 30. Bxe5 Bxe5 31. Rec4 Rh6 32. Ne6 Rxh2+ 33. Kxh2
Qh4+ 34. Kg1 1-0

[Event "ENCI Limburg-open A"]
[Site "Maastricht"]
[Date "2008.05.10"]
[Round "2"]
[White "De Reymaekers, Walter"]
[Black "Smits, Benjamin"]
[Result "1-0"]
[WhiteElo "2053"]
[BlackElo "1798"]
[PlyCount "77"]
[EventDate "2008.05.09"]
[EventType "swiss"]
[EventRounds "7"]
[EventCountry "NED"]
[Source "P.Boonen"]
[SourceDate "2010.01.01"]

1. e4 c5 2. Nc3 Nc6 3. f4 g6 4. Nf3 Bg7 5. Bb5 a6 6. Bc4 e6 7. d3 Nge7 8. e5
O-O 9. Ne4 b5 10. Bb3 Qb6 11. Be3 Nd4 12. c3 Nef5 13. Bf2 Qa5 14. Nxc5 Nxb3 15.
axb3 Qc7 16. O-O d6 17. exd6 Qxd6 18. g3 Rd8 19. Qe2 Rb8 20. Qe4 b4 21. d4 Qb6
22. Ne5 Rd6 23. Nc4 Qd8 24. Nxd6 Nxd6 25. Qd3 a5 26. Rad1 Nb7 27. Ne4 Bd7 28.
c4 Qc7 29. Nc5 Nxc5 30. dxc5 Bc6 31. Qd6 Qb7 32. Bd4 Bg2 33. Rf2 Bh3 34. Bxg7
Kxg7 35. c6 Qa6 36. Qxb8 Qxc6 37. Qe5+ f6 38. Qd4 e5 39. fxe5 1-0

[Event "ENCI Limburg-open A"]
[Site "Maastricht"]
[Date "2008.05.10"]
[Round "2"]
[White "De Ridder, Dieter"]
[Black "Blijlevens, Pim"]
[Result "0-1"]
[WhiteElo "1778"]
[BlackElo "1899"]
[PlyCount "118"]
[EventDate "2008.05.09"]
[EventType "swiss"]
[EventRounds "7"]
[EventCountry "NED"]
[Source "P.Boonen"]
[SourceDate "2010.01.01"]

1. e4 e5 2. Nf3 Nf6 3. Nxe5 d6 4. Nf3 Nxe4 5. d4 d5 6. Bd3 Be7 7. c4 Nc6 8. Nc3
Bb4 9. Bd2 Nxd2 10. Qxd2 O-O 11. cxd5 Re8+ 12. Be2 Bxc3 13. bxc3 Qxd5 14. O-O
Bg4 15. Rfe1 Rad8 16. Rab1 b6 17. h3 Bxf3 18. Bxf3 Qd6 19. Qg5 Nb8 20. Be4 g6
21. Re3 Nd7 22. Rbe1 Nf6 23. Bf3 Kg7 24. Re5 Qd7 25. Rxe8 Rxe8 26. Rxe8 Qxe8
27. Qe3 Qxe3 28. fxe3 Kf8 29. Kf2 Ke7 30. Kg3 Kd6 31. Kf4 h6 32. e4 Nd7 33. e5+
Ke7 34. Ke4 h5 35. Kd5 Nb8 36. c4 c6+ 37. Ke4 Nd7 38. Kf4 c5 39. d5 a6 40. g4
hxg4 41. d6+ Kd8 42. Bxg4 b5 43. cxb5 axb5 44. Be2 c4 45. a4 c3 46. Bd1 b4 47.
Ke4 b3 48. Bxb3 Nc5+ 49. Kd4 Nxb3+ 50. Kxc3 Na5 51. Kd4 Kd7 52. Kc5 Nb7+ 53.
Kb6 Nd8 54. a5 Nc6 55. a6 g5 56. a7 Nxa7 57. Kxa7 f5 58. Kb7 f4 59. e6+ Kxd6
0-1

[Event "ENCI Limburg-open A"]
[Site "Maastricht"]
[Date "2008.05.10"]
[Round "2"]
[White "Dgebuadze, Alexandre"]
[Black "Harestad, Hans Krogh"]
[Result "1-0"]
[WhiteElo "2528"]
[BlackElo "2268"]
[PlyCount "85"]
[EventDate "2008.05.09"]
[EventType "swiss"]
[EventRounds "7"]
[EventCountry "NED"]
[Source "P.Boonen"]
[SourceDate "2010.01.01"]

1. e4 e5 2. Nf3 Nc6 3. Bb5 a6 4. Ba4 Nf6 5. O-O Be7 6. Re1 b5 7. Bb3 O-O 8. h3
d6 9. c3 Re8 10. d4 Bf8 11. a4 Bb7 12. Nbd2 Qd7 13. Bc2 h6 14. d5 Ne7 15. c4 c5
16. dxc6 Nxc6 17. b3 b4 18. Nf1 Qc7 19. Ng3 g6 20. Be3 a5 21. Nh2 Nb8 22. Ng4
Nxg4 23. hxg4 Nd7 24. Qd2 Kh7 25. Kh2 Nf6 26. f3 Qe7 27. Rh1 Ng8 28. Kg1 f6 29.
Rd1 Bc8 30. Nf1 Be6 31. Bf2 Qb7 32. Ne3 Be7 33. Nd5 Bd8 34. Be3 g5 35. g3 Kg7
36. Kg2 Ne7 37. Nxf6 Kxf6 38. Rxh6+ Ng6 39. Bxg5+ Kg7 40. Rdh1 Bf7 41. Rh7+ Kg8
42. Bxd8 Rexd8 43. Qh6 1-0

[Event "ENCI Limburg-open A"]
[Site "Maastricht"]
[Date "2008.05.10"]
[Round "2"]
[White "Grandadam, Nicolas"]
[Black "Coenen, Bert"]
[Result "1/2-1/2"]
[WhiteElo "2059"]
[BlackElo "1830"]
[PlyCount "139"]
[EventDate "2008.05.09"]
[EventType "swiss"]
[EventRounds "7"]
[EventCountry "NED"]
[Source "P.Boonen"]
[SourceDate "2010.01.01"]

1. Nf3 d5 2. d4 Nf6 3. c4 dxc4 4. e3 e6 5. Bxc4 c5 6. O-O a6 7. dxc5 Qxd1 8.
Rxd1 Bxc5 9. Be2 Nc6 10. b3 Bd7 11. Bb2 Be7 12. Nbd2 Rd8 13. Rac1 O-O 14. Nc4
Bc8 15. Rxd8 Rxd8 16. Nb6 Nd5 17. Nxd5 Rxd5 18. Nd4 Rc5 19. Rxc5 Bxc5 20. Nxc6
bxc6 21. Kf1 Kf8 22. Bc4 f6 23. Ke2 e5 24. e4 Ke7 25. f3 Bb7 26. Bc3 Bc8 27.
Ba5 Kd7 28. Kd3 Ke7 29. Bg8 h6 30. Kc4 Bd6 31. Bb6 Bb7 32. b4 Bc8 33. Bc5 Bb7
34. Kb3 Bxc5 35. bxc5 Kd7 36. Ka4 Kc7 37. Ka5 Bc8 38. Bc4 f5 39. Bxa6 Be6 40.
a3 fxe4 41. fxe4 Bd7 42. Kb4 Kb8 43. Bc4 Ka7 44. Kc3 Bc8 45. g3 Ba6 46. Be6 Be2
47. Kd2 Bf1 48. Kc3 Ka6 49. Kb4 Bd3 50. Bc8+ Ka7 51. Bf5 Ka6 52. h4 Be2 53.
Bc8+ Ka7 54. Kc3 Kb8 55. Bd7 Kb7 56. Be6 Ka6 57. Kb4 Bf3 58. Bc4+ Ka7 59. Bd3
Bg2 60. Kc3 Bh3 61. Kd2 Bc8 62. Ke3 Ba6 63. Bc2 Bc4 64. Kf3 Be6 65. Bd3 Bc8 66.
g4 g5 67. hxg5 hxg5 68. Be2 Ba6 69. Bxa6 Kxa6 70. Ke3 1/2-1/2

[Event "ENCI Limburg-open A"]
[Site "Maastricht"]
[Date "2008.05.10"]
[Round "2"]
[White "Hahn, Gerard"]
[Black "Koehnke, Torben"]
[Result "0-1"]
[WhiteElo "1993"]
[BlackElo "2073"]
[PlyCount "76"]
[EventDate "2008.05.09"]
[EventType "swiss"]
[EventRounds "7"]
[EventCountry "NED"]
[Source "P.Boonen"]
[SourceDate "2010.01.01"]

1. e4 c5 2. Nf3 e6 3. d4 cxd4 4. Nxd4 a6 5. c4 Nf6 6. f3 Nc6 7. Nb3 Qc7 8. Be2
b6 9. O-O Bb7 10. Be3 Bd6 11. h3 Nh5 12. Bf2 Bh2+ 13. Kh1 Ng3+ 14. Bxg3 Bxg3
15. Nc3 O-O 16. Rc1 Ne7 17. Qd3 Ng6 18. Rfd1 Rad8 19. Bf1 Nf4 20. Qe3 Nh5 21.
Ne2 Be5 22. Rc2 f5 23. exf5 Rxf5 24. Nbd4 Rf6 25. Qd3 Rdf8 26. Nb3 d6 27. Nd2
Nf4 28. Nxf4 Rxf4 29. b3 Qe7 30. Qe3 Bd4 31. Qe1 e5 32. Bd3 Qg5 33. Be4 Bc8 34.
Bd5+ Kh8 35. Ne4 Qh5 36. Ng3 Qh6 37. Ne2 Bxh3 38. Nxd4 Bf5+ 0-1

[Event "ENCI Limburg-open A"]
[Site "Maastricht"]
[Date "2008.05.10"]
[Round "2"]
[White "Heirich, Andreas"]
[Black "Friesen, Boris"]
[Result "0-1"]
[WhiteElo "1910"]
[BlackElo "2129"]
[PlyCount "118"]
[EventDate "2008.05.09"]
[EventType "swiss"]
[EventRounds "7"]
[EventCountry "NED"]
[Source "P.Boonen"]
[SourceDate "2010.01.01"]

1. d4 Nf6 2. c4 g6 3. Nc3 d5 4. Bg5 Ne4 5. Nxe4 dxe4 6. e3 c5 7. dxc5 Qa5+ 8.
Qd2 Qxd2+ 9. Kxd2 Bg7 10. Kc2 Na6 11. Rd1 Nxc5 12. Bh4 Na4 13. b3 Nc3 14. Rd2
Nxa2 15. Ne2 Nb4+ 16. Kb1 Bd7 17. Nd4 h6 18. Be2 g5 19. Bg3 e5 20. Nc2 Nxc2 21.
Kxc2 Ke7 22. Rhd1 Rhd8 23. f4 exf4 24. exf4 Be6 25. Rxd8 Rxd8 26. Rxd8 Kxd8 27.
fxg5 hxg5 28. Bf2 a6 29. g4 Be5 30. Be3 f6 31. h3 Bf7 32. Bd2 Ke7 33. Bb4+ Kd7
34. Kd2 Bd4 35. Bc3 e3+ 36. Kd3 Bxc3 37. Kxc3 a5 38. Kd4 Kd6 39. Kxe3 Ke5 40.
Bf3 b6 41. Be4 a4 42. bxa4 Bxc4 43. Bc6 Bf1 44. Bb5 Bxb5 45. axb5 Kd5 46. Kd3
Kc5 47. Ke4 Kxb5 48. Kf5 Kc5 49. Kxf6 b5 50. Kxg5 b4 51. Kf6 b3 52. g5 b2 53.
g6 b1=Q 54. g7 Qb3 55. Kg6 Qg8 56. h4 Kd6 57. h5 Ke7 58. h6 Qe8+ 59. Kg5 Kf7
0-1

[Event "ENCI Limburg-open A"]
[Site "Maastricht"]
[Date "2008.05.10"]
[Round "2"]
[White "Held, Benjamin"]
[Black "Hoynck van Papendrecht, Frans"]
[Result "1-0"]
[WhiteElo "1856"]
[BlackElo "2104"]
[PlyCount "123"]
[EventDate "2008.05.09"]
[EventType "swiss"]
[EventRounds "7"]
[EventCountry "NED"]
[Source "P.Boonen"]
[SourceDate "2010.01.01"]

1. e4 c5 2. Nf3 Nc6 3. d4 cxd4 4. Nxd4 Nf6 5. Nc3 e5 6. Ndb5 d6 7. Bg5 a6 8.
Bxf6 gxf6 9. Na3 b5 10. Nd5 Bg7 11. Bd3 O-O 12. c3 Ne7 13. Qh5 f5 14. Nxe7+
Qxe7 15. O-O f4 16. Nc2 Qf6 17. a4 Bb7 18. axb5 axb5 19. Nb4 Qg6 20. Qe2 f5 21.
f3 fxe4 22. Bxe4 Bxe4 23. Qxe4 Qxe4 24. fxe4 Rfc8 25. Kf2 Bf6 26. Rfd1 Bd8 27.
Rxa8 Rxa8 28. Rxd6 Be7 29. Rd5 Bxb4 30. cxb4 Ra2 31. Rxb5 Rxb2+ 32. Kf3 Rb3+
33. Kg4 Rb2 34. Rxe5 Rxg2+ 35. Kxf4 Rxh2 36. Re7 h5 37. b5 Rb2 38. Rb7 h4 39.
Kg4 Rb4 40. Kxh4 Rxe4+ 41. Kg5 Kf8 42. Kf5 Re1 43. Rh7 Rb1 44. Kf6 Ke8 45. Ke6
Kd8 46. Kd6 Kc8 47. Kc6 Rc1+ 48. Kb6 Ra1 49. Rh8+ Kd7 50. Kb7 Rb1 51. b6 Rb2
52. Rh1 Rb3 53. Rd1+ Ke8 54. Kc7 Rc3+ 55. Kb8 Rc2 56. b7 Ra2 57. Rd4 Rc2 58.
Ka7 Ra2+ 59. Kb6 Rb2+ 60. Kc6 Ke7 61. Rd5 Rc2+ 62. Rc5 1-0

[Event "ENCI Limburg-open A"]
[Site "Maastricht"]
[Date "2008.05.10"]
[Round "2"]
[White "Holscher, Peter"]
[Black "Huppertz, Andrea"]
[Result "1-0"]
[WhiteElo "2072"]
[BlackElo "1839"]
[PlyCount "69"]
[EventDate "2008.05.09"]
[EventType "swiss"]
[EventRounds "7"]
[EventCountry "NED"]
[Source "P.Boonen"]
[SourceDate "2010.01.01"]

1. d4 d5 2. Nf3 Nf6 3. c4 c6 4. Nc3 a6 5. cxd5 cxd5 6. Bg5 e6 7. e3 Nbd7 8. Bd3
Be7 9. O-O O-O 10. Rc1 b5 11. a4 b4 12. Nb1 Bb7 13. Bf4 Rc8 14. Qe2 Qb6 15. Ne5
Nxe5 16. Bxe5 Ne4 17. f3 f6 18. Bf4 Nd6 19. Nd2 Nf7 20. Nb3 e5 21. Bg3 Bd6 22.
a5 Qa7 23. Bf5 Rxc1 24. Rxc1 Re8 25. Qd3 exd4 26. Bxh7+ Kh8 27. exd4 Bxg3 28.
hxg3 Qb8 29. Bg6 Qxg3 30. Bxf7 Re1+ 31. Rxe1 Qxe1+ 32. Qf1 Qe7 33. Bg6 Bc6 34.
Kf2 Bb5 35. Qh1+ 1-0

[Event "ENCI Limburg-open A"]
[Site "Maastricht"]
[Date "2008.05.10"]
[Round "2"]
[White "Jellema, Yme Jan"]
[Black "Jacobsen, Mads Holger"]
[Result "1-0"]
[WhiteElo "2112"]
[BlackElo "1809"]
[PlyCount "79"]
[EventDate "2008.05.09"]
[EventType "swiss"]
[EventRounds "7"]
[EventCountry "NED"]
[Source "P.Boonen"]
[SourceDate "2010.01.01"]

1. e4 c5 2. c3 d5 3. exd5 Qxd5 4. d4 cxd4 5. cxd4 Nc6 6. Nf3 Bg4 7. Nc3 Qa5 8.
d5 Bxf3 9. Qxf3 Ne5 10. Qf5 Nd7 11. Bb5 Ngf6 12. d6 Qb4 13. dxe7 Bxe7 14. O-O
Rd8 15. a3 Qc5 16. Qxc5 Bxc5 17. Re1+ Be7 18. Bg5 a6 19. Bxf6 gxf6 20. Nd5 axb5
21. Rxe7+ Kf8 22. Re3 Rc8 23. Nc3 Rc5 24. Rd1 Ne5 25. Ne4 Rc6 26. Nxf6 Rxf6 27.
Rxe5 Rb6 28. Rd8+ Kg7 29. Rg5+ Kf6 30. Rxh8 Kxg5 31. Rxh7 Rc6 32. g3 Kg6 33.
Rh4 f5 34. Rd4 Kf6 35. Rd5 Rb6 36. b4 Ke6 37. Rc5 Kf6 38. Kg2 Kg5 39. h4+ Kf6
40. Kf3 1-0

[Event "ENCI Limburg-open A"]
[Site "Maastricht"]
[Date "2008.05.10"]
[Round "2"]
[White "Jones, Gawain C"]
[Black "Van Kooten, Luuk"]
[Result "1/2-1/2"]
[WhiteElo "2522"]
[BlackElo "2250"]
[PlyCount "115"]
[EventDate "2008.05.09"]
[EventType "swiss"]
[EventRounds "7"]
[EventCountry "NED"]
[Source "P.Boonen"]
[SourceDate "2010.01.01"]

1. e4 c5 2. Nc3 Nc6 3. f4 g6 4. Nf3 Bg7 5. Bb5 Nd4 6. O-O e6 7. e5 Ne7 8. Nxd4
cxd4 9. Ne4 O-O 10. b3 d5 11. Nd6 f6 12. Ba3 fxe5 13. fxe5 Qa5 14. Rxf8+ Bxf8
15. Bb2 Nf5 16. Nxf5 exf5 17. Bd3 Bc5 18. Qe2 Bd7 19. a3 Qc7 20. b4 Bb6 21. Kh1
Re8 22. Re1 a6 23. Qf2 Rxe5 24. Rf1 Bb5 25. Bxb5 axb5 26. Bxd4 Bxd4 27. Qxd4
Qc4 28. Qxc4 dxc4 29. Kg1 Re2 30. Rd1 f4 31. h4 Kf7 32. Kf1 f3 33. gxf3 Rh2 34.
Kg1 Re2 35. c3 Ke6 36. Kf1 Rh2 37. Re1+ Kd6 38. Re8 Rxh4 39. Rd8+ Kc7 40. Rh8
Rh2 41. Kg1 Rxd2 42. Rxh7+ Kb8 43. Rg7 Rd3 44. Kf2 Rxc3 45. Rxg6 Rxa3 46. Rb6
Kc7 47. Rxb5 b6 48. Rf5 c3 49. Ke2 c2 50. Kd2 Rc3 51. Kc1 Rc4 52. b5 Kd6 53. f4
Ke6 54. Re5+ Kd6 55. Rf5 Ke6 56. Rh5 Rxf4 57. Kxc2 Kd6 58. Kc3 1/2-1/2

[Event "ENCI Limburg-open A"]
[Site "Maastricht"]
[Date "2008.05.10"]
[Round "2"]
[White "Karns, Tobias"]
[Black "Van Mechelen, Jan"]
[Result "0-1"]
[WhiteElo "2022"]
[BlackElo "2304"]
[PlyCount "74"]
[EventDate "2008.05.09"]
[EventType "swiss"]
[EventRounds "7"]
[EventCountry "NED"]
[Source "P.Boonen"]
[SourceDate "2010.01.01"]

1. e4 e6 2. d4 d5 3. Nc3 Bb4 4. e5 c5 5. a3 Bxc3+ 6. bxc3 Ne7 7. h4 Qa5 8. Qd2
b6 9. h5 h6 10. Nf3 Ba6 11. Bxa6 Qxa6 12. Qd3 Qxd3 13. cxd3 Nd7 14. dxc5 Nxc5
15. Ke2 Rc8 16. Bd2 Na4 17. Rac1 b5 18. Nd4 a6 19. f4 O-O 20. g4 Rc7 21. Kf2
Rfc8 22. Ne2 Nc5 23. Ke3 Nb3 24. Rb1 d4+ 25. Nxd4 Nd5+ 26. Ke2 Nxd2 27. Kxd2
Rxc3 28. Rb3 Rxb3 29. Nxb3 Nxf4 30. Rc1 Rxc1 31. Nxc1 Nd5 32. d4 Kf8 33. Nd3
Ke7 34. Nc5 a5 35. Kd3 a4 36. Ne4 b4 37. axb4 Nxb4+ 0-1